| 000 | 00809nam a2200241Ia 4500 | ||
|---|---|---|---|
| 001 | 18302 | ||
| 003 | GE_BSU | ||
| 008 | 181216s||||||||xx |||||||||||||| ||und|| | ||
| 020 | _a9789941163180 | ||
| 040 | _cGE_BSU | ||
| 080 | _a821.353.1-91 | ||
| 245 | _aპოეზია. 3 | ||
| 245 | _cშეადგ.,შესავ.წერილი და შენიშვნ.დაურთო თ.ქურდოვანიძე. რედ.ბ.ბეჟუაშვილი | ||
| 260 | _aთბილისი | ||
| 260 | _bსაქართველოს მაცნე | ||
| 260 | _c2013 | ||
| 300 | _a280გვ.21სმ. | ||
| 300 | _eშემოკლ.გვ. 246. | ||
| 520 | _aშენიშვნ.გვ.247-270 | ||
| 541 | _h8ლ.40თ. | ||
| 653 | _aპოეზია | ||
| 942 | _cBK | ||
| 999 |
_c51333 _d51333 |
||